Statistics for The Two-in-One Country Scrambler Quiz

Click here to take the quiz!

General Stats

  • This quiz has been taken 5 times
  • The average score is 7 of 15

Answer Stats

QuestionAnswer% Correct
AulstrabniaAlbania/Australia
75%
IreranlandIran/Ireland
75%
BellarugiumBelarus/Belgium
50%
ColambdiaCambodia/Colombia
50%
DenboutikDenmark/Djibouti
50%
HundurgaryHonduras/Hungary
50%
KirwaibatiKiribati/Kuwait
50%
LestviaLatvia/Lesotho
50%
MolawnicoMalawi/Monaco
50%
NampalNamibia/Nepal
50%
PorlaguayParaguay/Poland
50%
RumassiaRomania/Russia
50%
EarthioptiaEthiopia/Eritrea
25%
JardanpanJapan/Jordan
25%
GrenamanyGrenada/Germany
0%

Score Distribution

Percentile by Number Answered

Percent of People with Each Score

Your Score History

You have not taken this quiz